Central Library OPAC University of Rajshahi

Geologic time / (Record no. 10857)

MARC details
000 -LEADER
fixed length control field 00767nam a2200265 a 4500
001 - CONTROL NUMBER
control field 10857
003 - CONTROL NUMBER IDENTIFIER
rucl marc code BD RJUL
005 - DATE AND TIME OF LATEST TRANSACTION
control field 20211208235029.0
008 - FIXED-LENGTH DATA ELEMENTS--GENERAL INFORMATION
fixed length control field 140125 s1968 njua b 000 0 eng
035 ## - SYSTEM CONTROL NUMBER
System control number BD RJUL
040 ## - CATALOGING SOURCE
Original cataloging agency DLC
Transcribing agency DLC
Modifying agency BD RJUL
Language of cataloging eng
041 ## - LANGUAGE CODE
Language code of text/sound track or separate title eng
082 ## - DEWEY DECIMAL CLASSIFICATION NUMBER
Classification number 551.701
Author mark and year EIG 1968
100 1# - MAIN ENTRY--PERSONAL NAME
Personal name Eicher, Don L.
Fuller form of name (Don Lauren),
Dates associated with a name 1930-
9 (RLIN) 33571
245 10 - TITLE STATEMENT
Title Geologic time /
Statement of responsibility, etc. [by] Don L. Eicher
260 ## - PUBLICATION, DISTRIBUTION, ETC. (IMPRINT)
Place of publication, distribution, etc. Englewood Cliffs :
Name of publisher, distributor, etc. Prentice-Hall,
Date of publication, distribution, etc. 1968.
300 ## - PHYSICAL DESCRIPTION
Pagination viii, 149 p. :
Illustrations illus ;
Size 22 cm
490 0# - SERIES STATEMENT
Series statement Foundations of earth science series
504 ## - BIBLIOGRAPHY, ETC. NOTE
Bibliography, etc Bibliography: p. 143-145
650 #0 - SUBJECT ADDED ENTRY--TOPICAL TERM
Topical term or geographic name as entry element Geological time.
9 (RLIN) 33572
Topical term or geographic name as entry element Geology, Stratigraphic.
9 (RLIN) 33573
942 ## - ADDED ENTRY ELEMENTS (KOHA)
Source of classification or shelving scheme Dewey Decimal Classification
Koha item type Books
Holdings
Lost status Source of classification or shelving scheme Damaged status Not for loan Collection code Permanent Location Current Location Shelving location Date acquired Source of acquisition Cost, normal purchase price Total Checkouts Full call number Date last seen Copy number Koha item type
  Dewey Decimal Classification   Not For Loan Non-fiction Central Library, University of Rajshahi Central Library, University of Rajshahi Reading Room 22/08/1973 Worsi book corporation 22.50   551.701 EIG 1968 25/01/2014 C-1 Books